000 01179nam a2200337 i 4500
001 bg
003 BPK
005 20250813063408.0
008 000824s2000 pl a f f |000 0 pol
015 _aPB 2000/15931
020 _a8372071969
040 _aWA N
_cBPK
041 0 _apol
080 _a620.17
080 _a531.2
080 _a(075.8)
100 1 _aLewiński, Jan
_d(1942- ).
_eAutor
245 1 0 _aPodstawy mechaniki :
_bstatyka i wytrzymałość materiałów /
_cJan Lewiński, Andrzej P. Wilczyński, Danuta Witemberg-Perzyk.
250 _aWyd. 3 popr.
260 _aWarszawa :
_bOficyna Wydawnicza Politechniki Warszawskiej,
_c2000.
300 _a277, [2] s. :
_bil. ;
_c24 cm.
504 _aBibliogr.
655 4 _aPodręczniki akademickie
650 4 _aWytrzymałość materiałów
650 4 _aStatyka
700 1 _aWilczyńskiI, Andrzej Paweł
_d(1934-2010)
700 1 _aWitemberg-Perzyk, Danuta
_d(1946-2010).
710 2 _aPolitechnika Warszawska.
_bOficyna Wydawnicza.
_4pbl.
856 4 1 _uhttp://koha.tu.koszalin.pl/cgi-bin/koha/opac-detail.pl?biblionumber=38142
_yKatalog online BPK
942 _2UKD
_cKS
999 _c38142
_d38142